000 01310nam a2200313Ma 4500
001 gorillamylove00bambrich
003 CaSfIA
005 20210118090610.0
007 cr||||
008 920123r19811972nyu 000 1 eng
010 _a 81003013
040 _aDLC
_cCUY
_dCaSfIA
020 _a0394750497
020 _a9780394750491
035 _a(OCoLC)214982242
050 1 _aPS3552.A473
_bG6 1981
082 0 _a813/.54
_219
100 1 _aBambara, Toni Cade.
245 1 0 _aGorilla, my love /
_h[electronic resource]
_cby Toni Cade Bambara.
250 _a1st Vintage Books ed.
260 _aNew York :
_bVintage Books,
_c1981.
300 _aix, 177 p. ;
_c19 cm.
500 _aOriginally published: New York : Random House, 1972.
856 4 1 _uhttp://www.archive.org/details/gorillamylove00bambrich
_zFree eBook from the Internet Archive
856 4 2 _uhttp://www.openlibrary.org/books/OL4257530M
_zAdditional information and access via Open Library
942 _cEB
506 _fНеобхідна авторизація на https://archive.org/ (створення облікового запису безкоштовно)
506 _fНеобхідна авторизація на https://openlibrary.org/ (створення облікового запису безкоштовно)
999 _c502496
_d502496